| 000 | 01979nam a22003137a 4500 | ||
|---|---|---|---|
| 001 | 1536 | ||
| 003 | FISKH | ||
| 005 | 20230905135659.0 | ||
| 008 | 230905b cb ||||| |||| 00| 0 khr d | ||
| 020 | _a9789924340508 | ||
| 040 |
_aFISKH _beng _cFISKH _dFISKH |
||
| 082 | _a535 | ||
| 100 | _aLymeng, Svay | ||
| 245 |
_aបេសកកម្មស្វែងរកពន្លឺ / _cនិពន្ធដោយ ស្វាយ លីម៉េង - គូររូបដោយ មាសសុវណ្ណារ៉ា |
||
| 246 | _aThe quest to find light | ||
| 250 | _aបោះពុម្ពលើកទី៣ មិថុនា ២០២១ | ||
| 260 |
_aPhnom Penh : _bSipar, _c2021. |
||
| 300 |
_a27 pages : _bcolor illustrations ; _c24 cm |
||
| 490 | _aរឿងដំបូងៗ | ||
| 505 | _aG | ||
| 520 | _aនៅភូមិរបស់ស្រីពៅ ព្រះអាទិត្យឈប់រះហើយ។ នាងធ្វើដំណើរទៅជួបព្រះអាទិត្យ ដើម្បីរកដំណោះស្រាយ។ ទោះជាពុំមានការគាំទ្រពីមេភូមិ ស្រីពៅបានខិតខំច្នៃម៉ាស៊ីនដើម្បីហោះទៅជួបព្រះអាទិត្យ និងស្វែងរកពន្លឺមកជូនអ្នកភូមិនាងវិញ។ | ||
| 520 | _aIn Srey Pov's village, the sun has stopped shining. She travels to meet the sun to find a solution. Despite the lack of support from the village chief, Srey Pov tried to design a machine to fly to meet the sun and find light for her villagers. | ||
| 521 | 8 |
_a380
_bLexile estimate |
|
| 521 | 8 |
_aG
_bRaz-Plus |
|
| 650 |
_aម៉ាស៊ីន _vពន្លឺ _xដំណើរផ្សងព្រេង |
||
| 650 |
_aMachine _vLight _xAdventure |
||
| 700 |
_aSovannara, Meas _eillustrator |
||
| 942 |
_2ddc _cBK _n0 |
||
| 999 |
_c1536 _d1536 |
||